¡Fuera de aquí horrible monstruo verde! /
Guardado en:
| Autor Principal: | |
|---|---|
| Otros Autores: | |
| Formato: | Libro |
| Publicado: |
Buenos Aires :
Océano,
2009
|
| Materias: | |
| Etiquetas: |
Agregar Etiqueta
Sin Etiquetas, Sea el primero en etiquetar este registro!
|
| LEADER | 00807nam a22002415a 4500 | ||
|---|---|---|---|
| 001 | CEM.cems020151 | ||
| 008 | 230530s2009##################000#0#####d | ||
| 005 | 20230530100900.0 | ||
| 245 | 1 | 0 | |a ¡Fuera de aquí horrible monstruo verde! / |c Ed Emberly ; traducido por Sandra Sepúlveda Amor. |
| 260 | |a Buenos Aires : |b Océano, |c 2009 | ||
| 300 | |a 20 p. | ||
| 500 | |a Título original: Go Away, big Green Monster!. | ||
| 020 | |a 9789707774636 | ||
| 100 | 1 | |a Emberly, Ed | |
| 700 | 1 | |a Sepúlveda Amor, Sandra; trad. | |
| 082 | 0 | 4 | |a 823.9 |
| 653 | |a Literatura | ||
| 653 | |a Literatura inglesa | ||
| 653 | |a Literatura infantil | ||
| 653 | |a Cuentos infantiles | ||
| 653 | |a Colección ciencias de la educación | ||
| 653 | |a Libro Álbum | ||
| 859 | |a CEMS |b BIB. CEMS - Ccias. Educacion |h 823.9 |i Em13-1 |k CE |p 29465.23 |t Ej.1 | ||
